00908 a2200181 45000010006000000050017000060080041000230030015000640400040000790800022001192450026001412640036001673000019002035050437002221000023006597000024006827000020007062895820260407155558.0260407a1979 arg spa dAR-UNSa-BCEJYS aAR-UNSa-BCEJYSbspacAR-UNSa-BCEJYS a657xContabilidad10aContabilidad básica 1aBuenos Aires :bEl Ateneoc1979 a200 p.c26 cm. a1. Naturaleza y usos de la información contable - 2. Acumulación dela información contable - 3. Introducción al sistema contable - 4. Asiento de ajuste - 5. Inventarios de mercaderias e ingresos por ventas - 6. Inventario periodico- procedimiento - 7. La hoja de trabajo y el ciclo contable ejemplificado - 8. Acumulación y control de datos masivos - 9. Solución de las preguntas y respuestas para repaso del estudiante.1 aEdwards, James Don1 aHermanson, Roger H.1 aSalmonson, R.F.